00706cam a22001817a 4500020002500000020002200025040000800047082002600055100002200081245012200103260007500225300006200300490003500362650001600397650001900413700003200432710006000464 a9789251056462 (pbk.) a9251056463 (pbk.) cUKM04a639 FOO 2007 A051 Or.1 aKapetsky, James M10aGeographic information systems, remote sensing and mapping for the development and management of marine aquaculture / aRome :bFood and Agriculture Organization of the United Nations,c2007 axi, 125 p. :bill. (some col.), maps (some col.) ;c30 cm1 aFAO fisheries technical paper, 0aMariculture 0aRemote sensing1 aAguilar-Manjarrez, Jos©♭2 aFood and Agriculture Organization of the United Nations